Регионална библиотека "Любен Каравелов" - Русе

Над 8000 метра. Душата на планината : Манаслу (Запис номер 326299)

MARC детайли
000 -Лидер
Контролно поле с фиксирана дължина 01433nam a22003257a 4500
003 - Код на организацията, давaща контролен номер
Контролно поле BLK
005 - Дата и час на последна редакция
Контролно поле 20240122131451.0
008 - Елементи от данни с фиксирана дължина
fixed length control field 181115b bu o|||gr|||| 00| 0 bu d
020 ## - Международен стандартен номер на книга ISBN
Международен стандартен номер на книга ISBN 9789544748029
040 ## - Източник на каталожния запис
Идентификатор на билиотеката - собственик на записа BLK
041 ## - Код за език
Код за езика на текст/звукозапис или на отделно заглавие Български
Код за езика КДБФ Български
080 ## - УДК
Текстов определител УДК Българска литература
УДК код - определител по УДК 821.163.2
УДК - код + определител 821.163.2-94
УДК определител -94
080 ## - УДК
Текстов определител УДК Туризъм. Алпинизъм. Ориентиране. Международен туризъм вж 338.48 и 379.85
УДК код - определител по УДК 796.5
УДК - код + определител 796.5
100 ## - Редна дума - Автор
R(LIN) 341696
Автор Скатов, Атанас Георгиев
Авторска отговорност първи автор
139 ## - Редно поле
Редна дума Скатов, Атанас Георгиев
Авторски знак Ск - С 39
245 ## - Сведения за заглавието
Заглавие Над 8000 метра. Душата на планината : Манаслу
Подзаглавни данни Дневникът на един веган
260 ## - Област на издателските данни
9 (RLIN) 209528
Място на издаване, разпространение и проч. София
Име на издателя, разпространителя и проч. Кибеа
Година на издаване 2018
Издателство - префикс ISBN 978-954-474-
300 ## - Физическа характеристика
Страници 200 с.
Илюстрации и др. с цв. ил.
Размери/Мащаб 22 см
380 ## - Жанр
Жанр Худож. лит.
500 ## - Общи забележки
Забележка Загл. на кор.: Над 8000 метра - Манаслу: дневникът на един веган. - Загл. на гърба на кор.: Над 8000 метра. - За автора: с. 2-3.
650 #7 - Допълнително описание по предмет – тема
9 (RLIN) 146796
Основно описание – тема или топоним Алпинизъм
653 #7 - Ключова дума – ненормативна
9 (RLIN) 183001
Ключова дума веганство
852 ## - Местоположение
Форматна сигнатура Цб 291632
Фондова буква Хранилище
999 ## - СИСТЕМНИ КОНТРОЛНИ НОМЕРА
Koha biblionumber 326299
Koha biblioitemnumber 326299
942 ## - АРТИКУЛИ
Вид на библиотечния материал Книги
Скрит в OPAC Не
Периодичен библиозапис Да
Koha issues (borrowed), all copies 6
944 ## - СЪЗДАВАНЕ И РЕДАКЦИЯ на ЗАПИСА
Създаване/Редакция Създаване
Дата на регистрацията/редакция 2018-11-15
Служител, извършил регистрацията/редакцията 30575
Статус, дата на статуса Мартин Енчев
999 ## - СИСТЕМНИ КОНТРОЛНИ НОМЕРА
Koha biblioitemnumber 326299
999 ## - СИСТЕМНИ КОНТРОЛНИ НОМЕРА
Koha biblioitemnumber 326299
999 ## - СИСТЕМНИ КОНТРОЛНИ НОМЕРА
Koha biblioitemnumber 326299
999 ## - СИСТЕМНИ КОНТРОЛНИ НОМЕРА
Koha biblioitemnumber 326299
Наличности
Код за отписване Код за изгубен артикул Източник на класификационната схема Код за повреда Коз за рестрикции Код за отдаване Артикулен № Име на библиотеката - собственик Име на библиотеката, в която се намира в момента Статус (Текущо местоположение) Дата на вписване в системата Местоположение - отдел Цена в лева Инвентарен номер Систематично азбучна сигнатура Баркод Цена в евро Служебен тип на артикула
  Не е изгубен Universal Decimal Classification Не е повреден без рестрикции ползва се в читалня 682162 Регионална библиотека "Любен Каравелов" Русе Регионална библиотека "Любен Каравелов" Русе Хранилище 2018-11-16 Хранилище 21.00 120000825566 Цб 291632 120000825566 10.74 Книги
  Не е изгубен Universal Decimal Classification Не е повреден   заемане за дома 802453 Регионална библиотека "Любен Каравелов" Русе Регионална библиотека "Любен Каравелов" Русе Заемна - подръчен фонд 2020-10-02 Заемна - подръчен фонд 13.87   821.163.2-9/С 39 120000848417 7.09 Книги
Vip Innovations Ltd, Rousse, Bulgaria 2025